Evropská unie a ekonomická krize
Globálne súvislosti súčasnej hospodárskej krízy. Reformné snahy krajín G20. Spolupráca v eurozóne - stabilizačná a menová politika. Európsky plán ekonomickej obnovy. Snaha národných vlád o stabilizáciu a oživenie ekonomiky - pomoc automobilovému priemyslu.
Na minha lista:
| Autor principal: | |
|---|---|
| Formato: | Capítulo de Livro |
| Idioma: | tcheco |
| Assuntos: | |
| Tags: |
Sem tags, seja o primeiro a adicionar uma tag!
|
MARC
| LEADER | 00000naa$a2200000$$$4500 | ||
|---|---|---|---|
| 001 | 0102358 | ||
| 005 | 20231213141136.1 | ||
| 041 | 0 | |a cze | |
| 044 | |a CZ | ||
| 245 | 1 | 0 | |a Evropská unie a ekonomická krize |c Ingeborg Němcová |
| 520 | |a Globálne súvislosti súčasnej hospodárskej krízy. Reformné snahy krajín G20. Spolupráca v eurozóne - stabilizačná a menová politika. Európsky plán ekonomickej obnovy. Snaha národných vlád o stabilizáciu a oživenie ekonomiky - pomoc automobilovému priemyslu. | ||
| 610 | 2 | 0 | |a kríza hospodárska |
| 610 | 2 | 0 | |a kríza finančná |
| 610 | 2 | 0 | |a trh voľný |
| 610 | 2 | 0 | |a reformy |
| 610 | 2 | 0 | |a spolupráca hospodárska medzinárodná |
| 610 | 2 | 0 | |a podpora štátna |
| 610 | 2 | 0 | |a Európska únia |
| 100 | 1 | |a Němcová, Ingeborg | |